00706pam a2200241 a 4500001000800000005001700008008004100025010001700066020003800083040001800121041000800139043001200147080001400159082001800173100000700191101000800198245004100206504003000247906004500277942001200322999001700334952011300351193229420180214075818.0860306s1987 nyuaf b 001 0 eng  a 86005429  a0195041119 :c$24.95 (alk. paper) aDLCcDLCdDLC aeng an-us--- a306.8 PLE00a306.8 PLE2191 a50 aSOC10aDomestic tyranny :cElizabeth Pleck. aBibliography: p. 227-266. a7bcbccorignewd1eocipf19gy-gencatlg 2ddccBK c42514d42514 00102udc40708PËKGa002b002cPËKGd2018-02-14l0o306.8 PLEp002-2998181r2018-02-14w2018-02-14yBK